Statistics for Donnie Darko

Click here to take the quiz!

General Stats

  • This quiz has been taken 117 times
    (55 since last reset)
  • The average score is 10 of 24

Answer Stats

HintAnswer% Correct
Donnie's full name?Donald Darko
96%
Name of the man in the bunny suit?Frank
90%
What kind of party do Donnie and his sister throw?Halloween Party
71%
Actor who plays DonnieJake Gyllenhaal
69%
The most beautiful combination of words is what?Cellar Door
63%
Name of the presenter who is later arrested for pedophilia?Jim Cunningham
61%
What crashes through Donnie's bedroom ceiling?Jet Engine
55%
Grandma Death's real name?Roberta Sparrow
53%
Donnie's girlfriend's full name?Gretchen Ross
47%
What date does Donnie wake up on?2nd October 1988
43%
Actress who plays Karen PomeroyDrew Barrymore
43%
The movie that Donnie and his girlfriend go to seeThe Evil Dead
43%
Who are the dance troupe who win the school's talent show?Sparkle Motion
41%
Actor who plays Jim CunninghamPatrick Swayze
37%
Names of Donnie's sisters?Elizabeth and Samantha
35%
Donnie's religious and annoying teacherKitty Farmer
31%
Actor who had a cameo in the movieSeth Rogen
25%
Actress who plays GretchenJena Malone
24%
When is the world going to end?28 days, 6 hours, 42 minutes and 12 seconds
20%
The book that Donnie is reading with his classThe Destructors
18%
Actress who plays Rose DarkoMary McDonnell
12%
Actor who plays Eddie DarkoHolmes Osborne
10%
Actor who plays Professor MonnitoffNoah Wyle
10%
Actress who plays Dr. Lillian ThurmanKatharine Ross
8%

Score Distribution

Percentile by Number Answered

Percent of People with Each Score

Your Score History

You have not taken this quiz since the last reset